00358nam a2200145Ia 4500001000500000005001700005008004100022041000800063082001500071100003500086245006800121300000700189650000800196654000800204269520260306144826.0260306t9999||||xx |||||||||||||| ||spa|| aESP a211.6bG24 aGarcía Quesada, AlfredoeAUT 0aLa fe y la cultura en el pensamiento católico latinoamericano ac aGEN aCHU